Concept-based curriculum and instruction for the thinking classroom / (Record no. 330945)

000 -LEADER
fixed length control field 02071cam a22004214a 4500
001 - CONTROL NUMBER
control field 14288859
003 - CONTROL NUMBER IDENTIFIER
control field NUST
005 - DATE AND TIME OF LATEST TRANSACTION
control field 20180117090028.0
008 - FIXED-LENGTH DATA ELEMENTS--GENERAL INFORMATION
fixed length control field 060306s2007 caua b 001 0 eng
010 ## - LIBRARY OF CONGRESS CONTROL NUMBER
LC control number 2006006257
015 ## - NATIONAL BIBLIOGRAPHY NUMBER
National bibliography number GBA656058
Source bnb
016 7# - NATIONAL BIBLIOGRAPHIC AGENCY CONTROL NUMBER
Record control number 013495123
Source Uk
020 ## - INTERNATIONAL STANDARD BOOK NUMBER
International Standard Book Number 1412916992 (cloth : alk. paper)
020 ## - INTERNATIONAL STANDARD BOOK NUMBER
International Standard Book Number 141291700X (pbk. : alk. paper)
020 ## - INTERNATIONAL STANDARD BOOK NUMBER
International Standard Book Number 9781412917001
035 ## - SYSTEM CONTROL NUMBER
System control number (OCoLC)ocm64591925
040 ## - CATALOGING SOURCE
Original cataloging agency DLC
Transcribing agency DLC
Modifying agency BAKER
-- UKM
-- C#P
-- YDXCP
-- OCLCQ
-- DLC
042 ## - AUTHENTICATION CODE
Authentication code pcc
043 ## - GEOGRAPHIC AREA CODE
Geographic area code n-us---
050 00 - LIBRARY OF CONGRESS CALL NUMBER
Classification number LB2806.15
Item number .E752 2007
082 00 - DEWEY DECIMAL CLASSIFICATION NUMBER
Classification number 375.001 ERI
Edition number 22
100 1# - MAIN ENTRY--PERSONAL NAME
Personal name Erickson, H. Lynn.
9 (RLIN) 4174
245 10 - TITLE STATEMENT
Title Concept-based curriculum and instruction for the thinking classroom /
Statement of responsibility, etc. H. Lynn Erickson ; foreword by Carol Ann Tomlinson.
260 ## - PUBLICATION, DISTRIBUTION, ETC.
Place of publication, distribution, etc. Thousand Oaks, Calif. :
Name of publisher, distributor, etc. Corwin Press,
Date of publication, distribution, etc. c2007.
300 ## - PHYSICAL DESCRIPTION
Extent xv, 189 p. :
Other physical details ill. ;
Dimensions 27 cm.
504 ## - BIBLIOGRAPHY, ETC. NOTE
Bibliography, etc. note Includes bibliographical references (p. 181-183) and index.
505 0# - FORMATTED CONTENTS NOTE
Formatted contents note The thinking classroom -- The structure of knowledge -- Meeting academic standards with integrity -- Designing concept-based units and lessons -- Concept-based instruction -- Leadership roles.
650 #0 - SUBJECT ADDED ENTRY--TOPICAL TERM
Topical term or geographic name entry element Curriculum planning
Geographic subdivision United States.
9 (RLIN) 4175
650 #0 - SUBJECT ADDED ENTRY--TOPICAL TERM
Topical term or geographic name entry element Education
General subdivision Curricula
-- Standards
Geographic subdivision United States.
9 (RLIN) 4176
650 #0 - SUBJECT ADDED ENTRY--TOPICAL TERM
Topical term or geographic name entry element Interdisciplinary approach in education
Geographic subdivision United States.
9 (RLIN) 4177
856 42 - ELECTRONIC LOCATION AND ACCESS
Materials specified Publisher description
Uniform Resource Identifier <a href="http://www.loc.gov/catdir/enhancements/fy0659/2006006257-d.html">http://www.loc.gov/catdir/enhancements/fy0659/2006006257-d.html</a>
856 41 - ELECTRONIC LOCATION AND ACCESS
Materials specified Table of contents
Uniform Resource Identifier <a href="http://www.loc.gov/catdir/enhancements/fy0659/2006006257-t.html">http://www.loc.gov/catdir/enhancements/fy0659/2006006257-t.html</a>
856 42 - ELECTRONIC LOCATION AND ACCESS
Materials specified Contributor biographical information
Uniform Resource Identifier <a href="http://www.loc.gov/catdir/enhancements/fy0734/2006006257-b.html">http://www.loc.gov/catdir/enhancements/fy0734/2006006257-b.html</a>
906 ## - LOCAL DATA ELEMENT F, LDF (RLIN)
a 7
b cbc
c orignew
d 1
e ecip
f 20
g y-gencatlg
942 ## - ADDED ENTRY ELEMENTS (KOHA)
Source of classification or shelving scheme
Koha item type Book
Holdings
Withdrawn status Lost status Source of classification or shelving scheme Damaged status Not for loan Permanent Location Current Location Shelving location Date acquired Total Checkouts Full call number Barcode Date last seen Date last checked out Price effective from Koha item type
          Central Library (CL) Central Library (CL) General Stacks 08/24/2017 3 158.9 ERI S3H-C-57 06/15/2023 11/22/2022 08/24/2017 Book
© 2023 Central Library, National University of Sciences and Technology. All Rights Reserved.